|
|
|
|
| LEADER |
00846nam a2200241 a 4500 |
| 001 |
000901739 |
| 003 |
CZ BrMZK |
| 005 |
20210902125326.0 |
| 007 |
ta |
| 008 |
021203s1923 xr f ger d |
| 040 |
|
|
|a BOA001
|b cze
|
| 245 |
0 |
0 |
|a Gesetzausgaben :
|b Prager Archiv für Gesetzgebung und Rechtsprechung.
|n V.,
|p Das in der Slowakei geltende Recht.
|n I. Teil,
|p Das Handelsrecht /
|c dargestellt von Josef Singer
|
| 246 |
3 |
0 |
|a Gesetzausgaben [des] Prager Archiv
|
| 246 |
3 |
0 |
|a <<Das >>in der Slowakei geltende Recht
|
| 246 |
3 |
0 |
|a Handelsrecht
|
| 260 |
|
|
|a Prag :
|b Heinrich Mercy,
|c 1923
|
| 300 |
|
|
|a 223 s.
|
| 700 |
1 |
|
|a Singer, Josef
|7 jo2016926284
|4 com
|
| 910 |
|
|
|a BOA001
|b 1-0072.013,5/1
|
| 990 |
|
|
|a BK
|
| 993 |
|
|
|a Y
|
| 991 |
|
|
|b 200806
|
| 996 |
7 |
|
|b 2619247690
|c 1-0072.013,5/1
|l MZK
|r Sklad / do 1 hodiny
|n 0
|w 001065964
|u 000010
|a 1
|e BOA001
|j MZK50
|s A
|